| 000 | 01088cam a2200289 4500 | ||
|---|---|---|---|
| 001 | 8469 | ||
| 005 | 20181127190027.0 | ||
| 008 | 140109s2014 cau b 000 0 eng | ||
| 010 | _a 2013049964 | ||
| 020 | _a9788132113669 (pbk. : alk. paper) | ||
| 082 | 0 | 0 |
_a001.4/2 _223 |
| 100 | 1 | _aAdams, John. | |
| 245 | 1 | 0 |
_aResearch methods for business and social science students / _cJohn Adams, Hafiz T.A. Khan, Robert Raeside. |
| 250 | _aSecond edition. | ||
| 264 | 1 |
_aLos Angeles : _bSAGE, _c2014. |
|
| 300 |
_axii, 290 pages ; _c24 cm |
||
| 336 |
_atext _2rdacontent |
||
| 337 |
_aunmediated _2rdamedia |
||
| 338 |
_avolume _2rdacarrier |
||
| 500 | _aRevised edition of: Research methods for graduate business and social science students / John Adams ... [et al.], published in 2007. | ||
| 504 | _aIncludes bibliographical references (pages 288). | ||
| 650 | 0 |
_aSocial sciences _xMethodology. |
|
| 650 | 0 |
_aSocial sciences _xResearch. |
|
| 700 | 1 | _aKhan, Hafiz T. A. | |
| 700 | 1 |
_aRaeside, R. _q(Robert) |
|
| 730 | 0 | _aResearch methods for graduate business and social science students. | |
| 999 |
_c7326 _d7326 |
||